|
|
|
|
| LEADER |
02544nam a2200649 i 4500 |
| 001 |
nkc20223478168 |
| 003 |
CZ PrNK |
| 005 |
20240102064741.0 |
| 007 |
ta |
| 008 |
231113s2022 xr ab e 000 0 cze |
| 015 |
|
|
|a cnb003478168
|
| 020 |
|
|
|a 978-80-907623-1-2
|q (Architekti bez hranic, z.s. ;
|q brožováno)
|
| 020 |
|
|
|a 978-80-88508-01-4
|q (Arnika, z.s. ;
|q brožováno)
|
| 035 |
|
|
|a (OCoLC)1412780821
|
| 040 |
|
|
|a ABA001
|b cze
|d OLA001
|e rda
|
| 043 |
|
|
|a e-xr---
|b e-xr-pg
|b e-xr-ol
|2 czenas
|
| 072 |
|
7 |
|a 712
|x Plánování krajiny. Parky. Zahrady
|2 Konspekt
|9 24
|
| 080 |
|
|
|a 502.22:711.4
|2 MRF
|
| 080 |
|
|
|a 502.13:551.583
|2 MRF
|
| 080 |
|
|
|a 712.252
|2 MRF
|
| 080 |
|
|
|a 502.131.1
|2 MRF
|
| 080 |
|
|
|a (437.311)
|2 MRF
|
| 080 |
|
|
|a (437.325)
|2 MRF
|
| 080 |
|
|
|a (082)
|2 MRF
|
| 100 |
1 |
|
|a Tylová, Eva
|7 xx0030278
|4 aut
|
| 245 |
1 |
0 |
|a Praha adaptovaná :
|b dobrými změnami k žitelnému městu /
|c autoři textů: Eva Tylová, Petra Nadymáčková, Michael Pondělíček, Miloš Vojtěchovský
|
| 250 |
|
|
|a První vydání
|
| 264 |
|
1 |
|a Praha :
|b Architekti bez hranic, z.s. :
|b Arnika, z.s.,
|c 2022
|
| 300 |
|
|
|a 68 stran :
|b barevné ilustrace, 1 mapa ;
|c 21 cm
|
| 336 |
|
|
|a text
|b txt
|2 rdacontent
|
| 337 |
|
|
|a bez média
|b n
|2 rdamedia
|
| 338 |
|
|
|a svazek
|b nc
|2 rdacarrier
|
| 500 |
|
|
|a Název z obálky
|
| 504 |
|
|
|a Obsahuje bibliografie
|
| 650 |
0 |
7 |
|a životní prostředí měst
|7 ph135447
|z Česko
|2 czenas
|
| 650 |
0 |
7 |
|a adaptace na změnu klimatu
|7 ph1012493
|z Česko
|2 czenas
|
| 650 |
0 |
7 |
|a veřejná zeleň
|7 ph127078
|z Česko
|2 czenas
|
| 650 |
0 |
7 |
|a udržitelný rozvoj
|7 ph126768
|z Česko
|2 czenas
|
| 650 |
0 |
9 |
|a urban ecology
|z Czechia
|2 eczenas
|
| 650 |
0 |
9 |
|a climate change adaptation
|z Czechia
|2 eczenas
|
| 650 |
0 |
9 |
|a urban plants
|z Czechia
|2 eczenas
|
| 650 |
0 |
9 |
|a sustainable development
|z Czechia
|2 eczenas
|
| 651 |
|
7 |
|a Praha (Česko)
|7 ge118011
|2 czenas
|
| 651 |
|
7 |
|a Olomouc (Česko)
|7 ge130299
|2 czenas
|
| 651 |
|
9 |
|a Prague (Czechia)
|2 eczenas
|
| 651 |
|
9 |
|a Olomouc (Czechia)
|2 eczenas
|
| 655 |
|
7 |
|a sborníky
|7 fd163935
|2 czenas
|
| 655 |
|
9 |
|a papers of several authors
|2 eczenas
|
| 700 |
1 |
|
|a Nadymáčková, Petra
|7 jo20231207884
|4 aut
|
| 700 |
1 |
|
|a Pondělíček, Michael
|7 xx0014167
|4 aut
|4 pht
|
| 700 |
1 |
|
|a Vojtěchovský, Miloš,
|d 1955-
|7 xx0045425
|4 aut
|
| 910 |
2 |
|
|a BOA001
|b 2-1518.305
|
| 928 |
9 |
|
|a Arnika - Centrum pro podporu občanů
|
| 990 |
|
|
|a BK
|
| 995 |
|
|
|a 01
|
| 991 |
|
|
|b 202401
|c NOV
|
| 996 |
6 |
|
|b 2610955818
|c 2-1518.305
|l MZK
|r Sklad / do 1 hodiny
|n 0
|p p.v.
|w 001947559
|u 000010
|a 1
|e BOA001
|j MZK50
|s P
|